000 01037cam a2200373 i 4500
001 0000487
003 DO-SdBNP
005 20180314105959.0
007 0000487
008 100514s 2010 sp 000 f spa
015 _a
017 _a
_b
020 _a9788466323840
035 _a
040 _aBPMSU
_bspa
_cBPMSU
_e
041 _aspa
_heng
080 _a
082 4 _a813.6
_bM913s
100 1 _aMosse, Kate
240 1 0 _aSepulcre.
_lEspañol
245 1 0 _aSepulcro /
_cKate Mosse ; traducción Miguel Martínez Lage
_h
260 _aMadrid:
_bSantillana ediciones generales,
_c2010.
300 _a777 p. ;
_c19 cm.
490 1 _aPunto de lectura
_v377 / 1
500 _aIncluye datos biográficos del autor : p. 6
650 4 _aNOVELA INGLESA
650 4 _aLITERATURA INGLESA
700 1 2 _aMartínez Lage, Miguel,
_etrad.
830 0 _aPunto de lectura
_n377 / 1
910 _aValidado. Control de calidad MFF
942 _2ddc
_cBK
945 _aInventariado, 2017/MFF
956 _aYLOCKWARD
_810
_cBPMSU
999 _c10712
_d10712